[Event "Eindhoven WLC op 12th"]
[Site "Eindhoven"]
[Date "2022.05.13"]
[Round "1"]
[White "Cebula, Jerzy"]
[Black "Auwens, Michiel"]
[Result "1/2-1/2"]
[WhiteElo "1994"]
[BlackElo "1791"]
[PlyCount "93"]
[EventDate "2022.05.13"]
[EventType "swiss"]
[EventRounds "6"]
[EventCountry "NED"]
[SourceTitle "CBM 208 Extra"]
[Source "ChessBase"]
[SourceDate "2022.07.31"]
[SourceVersion "1"]
[SourceVersionDate "2022.07.31"]
[SourceQuality "1"]

1. e4 d6 2. d4 g6 3. Nc3 Bg7 4. f4 c6 5. Nf3 Qc7 6. h3 Nd7 7. a4 e5 8. fxe5 dxe5 9. d5 Ngf6 10. dxc6 bxc6 11. Be3 0-0 12. Bc4 Nh5 13. 0-0 Ndf6 14. Qe1 Nf4 15. Bc5 Re8 16. Rd1 Be6 17. Bxe6 Nxe6 18. Bd6 Qb6+ 19. Qf2 Qxf2+ 20. Rxf2 Nd7 21. b3 Nd4 22. Ne1 Re6 23. Ba3 Bh6 24. Bc1 Bxc1 25. Rxc1 Nf6 26. Nd3 Nd7 27. Rcf1 f5 28. Rd1 Rd8 29. Rfd2 Nf6 30. exf5 Nxf5 31. Nc5 Rxd2 32. Rxd2 Rd6 33. Rxd6 Nxd6 34. Nd3 Nd7 35. Kf1 Kf7 36. Ke2 Ke6 37. Ke3 Nf5+ 38. Kd2 Nh4 39. Ne1 Nf5 40. Nf3 h6 41. Kd3 Nd6 42. Ne4 Nxe4 43. Kxe4 Nf6+ 44. Ke3 Nd5+ 45. Ke4 Nf6+ 46. Ke3 Nd5+ 47. Ke4 1/2-1/2

[Event "Hilversum op"]
[Site "Hilversum"]
[Date "2019.06.21"]
[Round "1"]
[White "Cebula, Jerzy"]
[Black "Schoppen, Casper"]
[Result "0-1"]
[WhiteElo "2038"]
[BlackElo "2464"]
[PlyCount "76"]
[EventDate "2019.06.21"]
[EventType "swiss"]
[EventRounds "6"]
[EventCountry "NED"]
[SourceTitle "CBM 191 Extra"]
[Source "ChessBase"]
[SourceDate "2019.09.30"]
[SourceVersion "1"]
[SourceVersionDate "2019.09.30"]
[SourceQuality "1"]

1. e4 c5 2. Nf3 d6 3. d4 cxd4 4. Nxd4 Nf6 5. Nc3 g6 6. Be3 Bg7 7. f3 0-0 8. Qd2 Nc6 9. g4 Be6 10. 0-0-0 Nxd4 11. Bxd4 Qa5 12. Kb1 Rfc8 13. a3 Rab8 14. h4 b5 15. Nd5 Qxd2 16. Rxd2 Bxd5 17. exd5 Rc7 18. g5 Nh5 19. Bxg7 Kxg7 20. Rg1 b4 21. a4 a5 22. Rd4 h6 23. Bd3 Rh8 24. Rgg4 hxg5 25. hxg5 Rd8 26. Bc4 Kg8 27. Bd3 Ng7 28. Rg2 Rc5 29. Rh2 e5 30. dxe6 Nxe6 31. Rdh4 Rxg5 32. f4 Rg1+ 33. Ka2 Kg7 34. f5 Nc5 35. fxg6 b3+ 36. cxb3 Nxd3 37. Rh7+ Kxg6 38. R2h6+ Kg5 0-1

[Event "Eindhoven WLC op 10th"]
[Site "Eindhoven"]
[Date "2019.05.25"]
[Round "4"]
[White "Cebula, Jerzy"]
[Black "Sprangers, Remco"]
[Result "1-0"]
[WhiteElo "2025"]
[BlackElo "2230"]
[PlyCount "94"]
[EventDate "2019.05.24"]
[EventType "swiss"]
[EventRounds "6"]
[EventCountry "NED"]
[SourceTitle "CBM 190 Extra"]
[Source "ChessBase"]
[SourceDate "2019.07.15"]
[SourceVersion "1"]
[SourceVersionDate "2019.07.15"]
[SourceQuality "1"]

1. e4 e5 2. Nf3 Nc6 3. Bb5 a6 4. Ba4 Nf6 5. d4 exd4 6. 0-0 Be7 7. Re1 0-0 8. e5 Ne8 9. Nxd4 Nxd4 10. Qxd4 d5 11. c4 dxc4 12. Qxc4 Be6 13. Qe2 c5 14. Nc3 b5 15. Bc2 b4 16. Rd1 Qb8 17. Qe4 g6 18. Nd5 Bxd5 19. Rxd5 Qb5 20. Bb3 Nc7 21. Rd1 Rfd8 22. Be3 Ne6 23. Bc4 Qb6 24. Qf3 Bf8 25. h4 Bg7 26. Qe4 a5 27. h5 a4 28. hxg6 hxg6 29. b3 axb3 30. axb3 Rxa1 31. Rxa1 Nc7 32. Rc1 Ne6 33. Ra1 Nc7 34. Rc1 Bf8 35. Qf3 Ne6 36. Ra1 Qc7 37. Bxe6 fxe6 38. Qf6 Bg7 39. Qxe6+ Qf7 40. Qxf7+ Kxf7 41. Ra7+ Kg8 42. e6 c4 43. e7 Rd1+ 44. Kh2 Kf7 45. Bc5 cxb3 46. Ra8 Re1 47. Rf8+ Bxf8 1-0

[Event "Hilversum op"]
[Site "Hilversum"]
[Date "2018.06.22"]
[Round "1"]
[White "Cebula, Jerzy"]
[Black "Warmerdam, Max"]
[Result "0-1"]
[WhiteElo "2035"]
[BlackElo "2370"]
[PlyCount "84"]
[EventDate "2018.06.22"]
[EventType "swiss"]
[EventRounds "6"]
[EventCountry "NED"]
[SourceTitle "CBM 185 Extra"]
[Source "ChessBase"]
[SourceDate "2018.07.29"]
[SourceVersion "1"]
[SourceVersionDate "2018.07.29"]
[SourceQuality "1"]

1. e4 c5 2. Nf3 e6 3. d4 cxd4 4. Nxd4 a6 5. c4 Nf6 6. Bd3 Qc7 7. 0-0 Bd6 8. h3 Nc6 9. Nxc6 dxc6 10. Be3 Bf4 11. Bxf4 Qxf4 12. Qd2 e5 13. Qxf4 exf4 14. Nc3 Nd7 15. f3 Ne5 16. Rfd1 Be6 17. c5 0-0-0 18. Bf1 g5 19. b3 a5 20. Rab1 h5 21. a3 Rxd1 22. Nxd1 Rd8 23. b4 a4 24. Nc3 Bb3 25. Rb2 Nd3 26. Rb1 Ne5 27. Rb2 Rd4 28. Be2 Nc4 29. Bxc4 Rxc4 30. Nb1 Rc1+ 31. Kf2 h4 32. Nd2 Be6 33. Rb1 Rc2 34. Ke1 Ra2 35. e5 Bd5 36. b5 Rxa3 37. bxc6 bxc6 38. Rb6 Ra1+ 39. Ke2 a3 40. Ne4 Bxe4 41. fxe4 a2 42. Rxc6+ Kb7 0-1

[Event "Utrecht OKU op 42nd"]
[Site "Utrecht"]
[Date "2015.06.06"]
[Round "3"]
[White "Cebula, Jerzy"]
[Black "Nguyen, Sang"]
[Result "0-1"]
[WhiteElo "1951"]
[BlackElo "1832"]
[PlyCount "46"]
[EventDate "2015.06.05"]
[EventType "swiss"]
[EventRounds "6"]
[EventCountry "NED"]
[SourceTitle "CBM 166 Extra"]
[Source "ChessBase"]
[SourceDate "2015.06.18"]
[SourceVersion "1"]
[SourceVersionDate "2015.06.18"]
[SourceQuality "1"]

1. e4 d6 2. d4 Nf6 3. Nc3 Nbd7 4. Nf3 e5 5. Bc4 h6 6. 0-0 Be7 7. Bb3 exd4 8. Nxd4 0-0 9. Nf5 Nc5 10. Nxe7+ Qxe7 11. f3 b6 12. Bd5 Nxd5 13. Nxd5 Qd8 14. b3 f5 15. Bb2 fxe4 16. Qd4 Qd7 17. Nxb6 axb6 18. Qd5+ Qe6 19. Qxa8 Ba6 20. Qa7 Bxf1 21. Rxf1 exf3 22. Qxc7 Qe3+ 23. Rf2 Qe1+ 0-1

[Event "Leiden Noteboom Memorial 75th"]
[Site "Leiden"]
[Date "2015.02.14"]
[Round "3"]
[White "Cebula, Jerzy"]
[Black "Lopez, Jasel"]
[Result "1-0"]
[WhiteElo "1974"]
[BlackElo "2206"]
[PlyCount "127"]
[EventDate "2015.02.13"]
[EventType "swiss"]
[EventRounds "6"]
[EventCountry "NED"]
[SourceTitle "CBM 164 Extra"]
[Source "ChessBase"]
[SourceDate "2015.03.02"]
[SourceVersion "1"]
[SourceVersionDate "2015.03.02"]
[SourceQuality "1"]

1. e4 e6 2. d4 d5 3. e5 c5 4. c3 Qb6 5. Nf3 Bd7 6. Be2 Bb5 7. 0-0 cxd4 8. cxd4 Bxe2 9. Qxe2 Nc6 10. Nc3 Nge7 11. Be3 Nf5 12. Qd3 Nxe3 13. fxe3 Be7 14. a3 0-0 15. b4 f6 16. Na4 Qc7 17. exf6 Bxf6 18. Nc5 Rfe8 19. Rac1 Qe7 20. Qb5 Rab8 21. Nxb7 Nxd4 22. exd4 Rxb7 23. Qc5 Qd7 24. Rfe1 Rb5 25. Qc6 Qxc6 26. Rxc6 a5 27. Rc5 Reb8 28. Rxe6 axb4 29. axb4 Kf7 30. Re2 Kg6 31. g4 Rxb4 32. Rxd5 Rb2 33. Kf2 Rxe2+ 34. Kxe2 Rb2+ 35. Ke3 Kf7 36. g5 Be7 37. h4 Rb7 38. Ke4 Ba3 39. Ra5 Bd6 40. Ra6 Bg3 41. h5 Rb5 42. Ra7+ Kf8 43. h6 gxh6 44. gxh6 Rh5 45. Rxh7 Bd6 46. Rh8+ Kf7 47. Ne5+ Bxe5 48. dxe5 Ke6 49. Kf4 Rh4+ 50. Kg5 Rh1 51. h7 Rg1+ 52. Kf4 Rf1+ 53. Ke4 Re1+ 54. Kd3 Kf7 55. Rf8+ Kxf8 56. h8Q+ Kf7 57. Qf6+ Ke8 58. Kd2 Ra1 59. Qg7 Ra6 60. Ke3 Ra4 61. e6 Ra3+ 62. Kd4 Ra4+ 63. Kc3 Rf4 64. Qd7+ 1-0

[Event "Helmond De Legibus op"]
[Site "Helmond"]
[Date "2014.06.29"]
[Round "9"]
[White "Cebula, Jerzy"]
[Black "Nabuurs, Joep"]
[Result "0-1"]
[WhiteElo "1994"]
[BlackElo "2256"]
[PlyCount "60"]
[EventDate "2014.06.28"]
[EventType "swiss (rapid)"]
[EventRounds "9"]
[EventCountry "NED"]
[SourceTitle "EXT 2018"]
[Source "ChessBase"]
[SourceDate "2017.10.13"]
[SourceVersion "1"]
[SourceVersionDate "2017.10.13"]
[SourceQuality "1"]

1. e4 c5 2. Nf3 d6 3. d4 cxd4 4. Nxd4 Nf6 5. Nc3 a6 6. Be3 e5 7. Nb3 Be7 8. Qd2 Be6 9. f4 b5 10. f5 Bc4 11. 0-0-0 0-0 12. g4 Nxg4 13. Rg1 Nxe3 14. Qxe3 Bxb3 15. axb3 Kh8 16. Nd5 Nd7 17. Kb1 Nf6 18. Nxe7 Qxe7 19. Be2 Rfd8 20. Qg5 Qf8 21. Bf3 a5 22. Rg3 a4 23. Rdg1 axb3 24. Qh4 bxc2+ 25. Kxc2 d5 26. Rxg7 Qc5+ 27. Kb1 Qa7 28. Qxf6 Qa2+ 29. Kc2 Qc4+ 30. Kb1 Qd3+ 0-1

[Event "Maastricht Limburg op-B 8th"]
[Site "Maastricht"]
[Date "2014.06.09"]
[Round "6"]
[White "Janse, Alexander"]
[Black "Cebula, Jerzy"]
[Result "1-0"]
[WhiteElo "1584"]
[BlackElo "1998"]
[PlyCount "85"]
[EventDate "2014.06.06"]
[EventType "swiss"]
[EventRounds "7"]
[EventCountry "NED"]
[SourceTitle "EXT 2015"]
[Source "ChessBase"]
[SourceDate "2014.11.20"]
[SourceVersion "1"]
[SourceVersionDate "2014.11.20"]
[SourceQuality "1"]

1. e4 e5 2. Nf3 Nc6 3. d4 exd4 4. Nxd4 Nf6 5. Nc3 Bb4 6. Nxc6 bxc6 7. Bd3 d5 8. exd5 cxd5 9. 0-0 0-0 10. Bg5 c6 11. Qf3 h6 12. Bh4 Bd6 13. Rad1 Rb8 14. Na4 Rb4 15. Bxf6 Qxf6 16. Qxf6 gxf6 17. b3 Be6 18. Nc3 Rh4 19. g3 Rh5 20. f4 Bc5+ 21. Kh1 Bh3 22. Be2 Rf5 23. g4 Bxf1 24. Rxf1 Re8 25. Bd3 Rfe5 26. fxe5 fxe5 27. Bf5 Re7 28. Ne2 Kg7 29. Ng3 e4 30. Bxe4 dxe4 31. Nf5+ Kf8 32. Nxe7 Kxe7 33. Re1 e3 34. Kg2 Kf6 35. Kf3 Kg5 36. h3 Kh4 37. c3 a5 38. a4 f6 39. Rb1 e2 40. Kxe2 Kxh3 41. Kf3 Kh4 42. Rh1+ Kg5 43. Rh5+ 1-0

[Event "Utrecht OKU op 41st"]
[Site "Utrecht"]
[Date "2014.05.30"]
[Round "1"]
[White "Lalic, Bogdan"]
[Black "Cebula, Jerzy"]
[Result "1-0"]
[WhiteElo "2470"]
[BlackElo "1996"]
[PlyCount "125"]
[EventDate "2014.05.30"]
[EventType "swiss"]
[EventRounds "6"]
[EventCountry "NED"]
[SourceTitle "CBM 160 Extra"]
[Source "ChessBase"]
[SourceDate "2014.07.01"]
[SourceVersion "1"]
[SourceVersionDate "2014.07.01"]
[SourceQuality "1"]

1. d4 Nf6 2. c4 c5 3. d5 e6 4. Nc3 exd5 5. cxd5 d6 6. e4 g6 7. f4 Bg7 8. Bb5+ Nbd7 9. e5 dxe5 10. fxe5 Nh5 11. e6 Qh4+ 12. g3 Nxg3 13. hxg3 Qxh1 14. Be3 Qg2 15. exd7+ Bxd7 16. Bxd7+ Kxd7 17. Qa4+ Kd8 18. Qh4+ Kd7 19. Qh3+ Qxh3 20. Nxh3 Rhe8 21. Kd2 b6 22. Rf1 f5 23. Ng5 Bh6 24. Rh1 Bxg5 25. Bxg5 h5 26. Kd3 a6 27. Na4 Rab8 28. Bf4 Rb7 29. b3 Re4 30. Be3 Kd6 31. Nc3 Re8 32. a3 b5 33. b4 cxb4 34. axb4 a5 35. Bc5+ Kd7 36. bxa5 b4 37. a6 Rc7 38. Na4 Re5 39. Nb6+ Kd8 40. Bd4 Re4 41. Bf6+ Ke8 42. d6 Ra7 43. d7+ Rxd7+ 44. Nxd7 Kxd7 45. a7 Re8 46. Re1 Ra8 47. Re7+ Kd6 48. Rg7 Kc6 49. Bd4 b3 50. Kc4 b2 51. Bxb2 g5 52. Be5 h4 53. gxh4 gxh4 54. Bb8 Kb6 55. Rh7 h3 56. Rxh3 f4 57. Rf3 Kc6 58. Rxf4 Kb7 59. Kd5 Kb6 60. Kd6 Kb7 61. Kd7 Kb6 62. Kc8 Ka6 63. Rf6+ 1-0

[Event "Hoogeveen Unive op 17th"]
[Site "Hoogeveen"]
[Date "2013.10.23"]
[Round "6"]
[White "Cebula, Jerzy"]
[Black "Knol, Geon"]
[Result "0-1"]
[WhiteElo "2001"]
[BlackElo "2147"]
[PlyCount "88"]
[EventDate "2013.10.18"]
[EventType "swiss"]
[EventRounds "9"]
[EventCountry "NED"]
[SourceTitle "EXT 2014"]
[Source "ChessBase"]
[SourceDate "2013.11.20"]
[SourceVersion "1"]
[SourceVersionDate "2013.11.20"]
[SourceQuality "1"]

1. e4 c5 2. Nf3 d6 3. d4 cxd4 4. Nxd4 Nf6 5. Nc3 a6 6. Be3 e5 7. Nb3 Be7 8. Qd2 Nbd7 9. Be2 b5 10. a4 b4 11. Nd5 Nxd5 12. Qxd5 Rb8 13. Bc4 0-0 14. Qd3 a5 15. 0-0 Kh8 16. f3 Qc7 17. Rac1 Nb6 18. Bb5 Be6 19. c4 Nd7 20. Rfd1 Nc5 21. Nxc5 dxc5 22. b3 f5 23. Rd2 f4 24. Bf2 g5 25. Rcd1 g4 26. Qe2 gxf3 27. Qxf3 Rbd8 28. Rxd8 Rxd8 29. Qh5 Rg8 30. h3 Bf6 31. Rd3 Qb7 32. Qh6 Qc7 33. Kf1 Rg6 34. Qh5 Qb7 35. Qf3 Be7 36. Qh5 Qxe4 37. Qf3 Qxf3 38. Rxf3 Bf5 39. Bg1 Be4 40. Rf2 Bd3+ 41. Ke1 Bh4 42. g4 e4 43. Kd1 Bxf2 44. Bxf2 e3 0-1

[Event "Groningen Atlantis op-A"]
[Site "Groningen"]
[Date "2013.08.25"]
[Round "6"]
[White "De Jong, Migchiel"]
[Black "Cebula, Jerzy"]
[Result "1-0"]
[WhiteElo "2345"]
[BlackElo "1981"]
[PlyCount "81"]
[EventDate "2013.08.22"]
[EventType "swiss"]
[EventRounds "7"]
[EventCountry "NED"]
[SourceTitle "CBM 156 Extra"]
[Source "ChessBase"]
[SourceDate "2013.10.22"]
[SourceVersion "1"]
[SourceVersionDate "2013.10.22"]
[SourceQuality "1"]

1. d4 Nf6 2. Nf3 g6 3. c4 c5 4. Nc3 cxd4 5. Nxd4 Nc6 6. e4 d6 7. Nc2 Bg7 8. Be2 0-0 9. 0-0 Bd7 10. Rb1 Rc8 11. b3 a6 12. Bb2 Ne5 13. a4 Bc6 14. f3 Qb6+ 15. Kh1 Rfd8 16. f4 Ned7 17. Bf3 Qxb3 18. Nd5 Nxd5 19. Bxg7 Qxc4 20. Na3 Bxa4 21. Qd2 Qc5 22. Bb2 N5f6 23. Rfc1 Qa7 24. e5 Ne8 25. e6 fxe6 26. f5 Nf8 27. fxg6 hxg6 28. Qh6 Nf6 29. Rxc8 Rxc8 30. Bxf6 exf6 31. Rxb7 Qxb7 32. Bxb7 Rc3 33. Nb1 Rb3 34. Be4 f5 35. Nd2 Rc3 36. h4 fxe4 37. Nxe4 Rc2 38. Nf6+ Kf7 39. h5 Bc6 40. Nh7 Nxh7 41. Qxg6+ 1-0

[Event "Vlissingen HZ op 17th"]
[Site "Vlissingen"]
[Date "2013.08.06"]
[Round "5"]
[White "Cebula, Jerzy"]
[Black "Kuling, Lody"]
[Result "0-1"]
[WhiteElo "1981"]
[BlackElo "2246"]
[PlyCount "118"]
[EventDate "2013.08.03"]
[EventType "swiss"]
[EventRounds "9"]
[EventCountry "NED"]
[SourceTitle "CBM 155 Extra"]
[Source "ChessBase"]
[SourceDate "2013.08.26"]
[SourceVersion "1"]
[SourceVersionDate "2013.08.26"]
[SourceQuality "1"]

1. e4 c5 2. Nf3 d6 3. d4 cxd4 4. Nxd4 Nf6 5. Nc3 a6 6. Be3 Nbd7 7. f4 e6 8. Qf3 Qc7 9. Bd3 b5 10. a3 Bb7 11. 0-0 Nc5 12. Rac1 Rc8 13. Nde2 Be7 14. h3 0-0 15. b4 Ncd7 16. Qf2 Bd8 17. Kh1 Re8 18. Bd4 e5 19. fxe5 dxe5 20. Be3 Qd6 21. Nb1 Bb6 22. Nd2 Bxe3 23. Qxe3 Nb6 24. Nb3 Nc4 25. Bxc4 Rxc4 26. Na5 Rxe4 27. Nxb7 Rxe3 28. Nxd6 Re6 29. Rfd1 Rxe2 30. c4 bxc4 31. Rxc4 h6 32. Rc6 Ne4 33. Rc8+ Kh7 34. Nxe4 Rxe4 35. Rcd8 Re3 36. R8d3 Rxd3 37. Rxd3 e4 38. Re3 f5 39. Kg1 Kg6 40. a4 Rb6 41. b5 axb5 42. Rb3 b4 43. Kf2 Kf6 44. Ke3 Ke5 45. h4 Rb8 46. a5 Ra8 47. Rxb4 Rxa5 48. Rb7 f4+ 49. Ke2 Ra2+ 50. Kf1 g6 51. Rb6 Kf5 52. h5 g5 53. Rxh6 Kg4 54. Re6 Ra1+ 55. Ke2 f3+ 56. gxf3+ exf3+ 57. Kf2 Ra2+ 58. Kf1 Kg3 59. Re1 Rh2 0-1

[Event "Haarlem Nova College op-A 12th"]
[Site "Haarlem"]
[Date "2013.06.30"]
[Round "5"]
[White "Cebula, Jerzy"]
[Black "Kazarian, Anna Maja"]
[Result "1-0"]
[WhiteElo "1986"]
[BlackElo "1944"]
[PlyCount "83"]
[EventDate "2013.06.28"]
[EventType "swiss"]
[EventRounds "6"]
[EventCountry "NED"]
[SourceTitle "EXT 2015"]
[Source "ChessBase"]
[SourceDate "2014.11.20"]
[SourceVersion "1"]
[SourceVersionDate "2014.11.20"]
[SourceQuality "1"]

1. e4 e6 2. d4 d5 3. e5 c5 4. c3 Nc6 5. Nf3 Qb6 6. Be2 Bd7 7. 0-0 Nge7 8. Na3 cxd4 9. cxd4 Nf5 10. Nc2 h5 11. Bd3 Nce7 12. b4 Bb5 13. a4 Bxd3 14. Qxd3 Nc6 15. a5 Qc7 16. Bd2 a6 17. Rfc1 Qd7 18. b5 axb5 19. Rcb1 b4 20. Nxb4 Nxb4 21. Bxb4 Bxb4 22. Rxb4 0-0 23. Qb3 Qc6 24. h3 Rfb8 25. Rb6 Qc7 26. Qb2 Ne7 27. Nd2 Nc8 28. Rc1 Qd7 29. Rb5 Ra6 30. Rbc5 b6 31. Rc7 Qd8 32. Qc3 Na7 33. Qf3 Qe8 34. axb6 Rbxb6 35. Qxh5 Rc6 36. Nf3 Rxc1+ 37. Rxc1 g6 38. Qh4 Rc6 39. Ra1 Nb5 40. Ng5 Rc8 41. Qh6 Nc7 42. Nh7 1-0

[Event "Maastricht Limburg op-A 7th"]
[Site "Maastricht"]
[Date "2013.05.19"]
[Round "4"]
[White "Nabuurs, Joep"]
[Black "Cebula, Jerzy"]
[Result "1-0"]
[WhiteElo "2206"]
[BlackElo "2001"]
[PlyCount "109"]
[EventDate "2013.05.17"]
[EventType "swiss"]
[EventRounds "7"]
[EventCountry "NED"]
[SourceTitle "EXT 2014"]
[Source "ChessBase"]
[SourceDate "2013.11.20"]
[SourceVersion "1"]
[SourceVersionDate "2013.11.20"]
[SourceQuality "1"]

1. e4 e5 2. Nf3 Nc6 3. Bb5 Nd4 4. Nxd4 exd4 5. 0-0 c6 6. Bc4 Nf6 7. Re1 d6 8. c3 Ng4 9. h3 Ne5 10. d3 Nxc4 11. dxc4 dxc3 12. Nxc3 Be7 13. Bf4 0-0 14. Qd2 Be6 15. b3 Bf6 16. Re3 Be5 17. Rd3 Qa5 18. Rd1 a6 19. Bg3 b5 20. Bxe5 dxe5 21. c5 Qb4 22. Nd5 Qxc5 23. Rc1 Qa7 24. Rxc6 Rac8 25. Rdc3 Rxc6 26. Rxc6 h6 27. Nc7 Bc8 28. Nd5 Be6 29. Qc3 Qd4 30. Qxd4 exd4 31. Kf1 Rd8 32. Rc5 f6 33. Ke2 f5 34. Ne7+ Kf7 35. Nxf5 d3+ 36. Kd2 Rd7 37. Rc3 b4 38. Rxd3 Rc7 39. Nd4 Bd7 40. f4 Rc5 41. Nc2 Bc6 42. Rd4 a5 43. Ne3 Rc3 44. e5 Bb5 45. Rd5 Ba6 46. f5 Ke7 47. Rd6 Bb7 48. Rg6 Kf8 49. f6 gxf6 50. Rxf6+ Ke8 51. Rxh6 Be4 52. Ra6 Rc5 53. g3 Rxe5 54. Ng4 Re7 55. Nf6+ 1-0

[Event "Roosendaal LBV op-A"]
[Site "Roosendaal"]
[Date "2012.08.17"]
[Round "2"]
[White "Gieben, Stijn"]
[Black "Cebula, Jerzy"]
[Result "1-0"]
[WhiteElo "2073"]
[BlackElo "1999"]
[PlyCount "43"]
[EventDate "2012.08.16"]
[EventType "swiss"]
[EventRounds "6"]
[EventCountry "NED"]
[SourceTitle "CBM 150 Extra"]
[Source "ChessBase"]
[SourceDate "2012.10.19"]
[SourceVersion "1"]
[SourceVersionDate "2012.10.19"]
[SourceQuality "1"]

1. e4 e5 2. Nf3 Nc6 3. Bb5 Nd4 4. Nxd4 exd4 5. 0-0 c6 6. Bc4 Nf6 7. d3 d6 8. Nd2 Be7 9. f4 0-0 10. Nf3 Bg4 11. Bb3 Nd7 12. a3 Bf6 13. h3 Bxf3 14. Qxf3 a5 15. g4 g6 16. g5 Bg7 17. h4 h6 18. h5 Kh7 19. Bxf7 gxh5 20. Qxh5 Rxf7 21. Qxf7 hxg5 22. Rf2 1-0

[Event "Helmond Legibus op"]
[Site "Helmond"]
[Date "2012.06.30"]
[Round "5"]
[White "Jonkman, Harmen"]
[Black "Cebula, Jerzy"]
[Result "1-0"]
[WhiteElo "2417"]
[BlackElo "1993"]
[PlyCount "62"]
[EventDate "2012.06.30"]
[EventType "swiss (rapid)"]
[EventRounds "9"]
[EventCountry "NED"]
[SourceTitle "CBM 149 Extra"]
[Source "ChessBase"]
[SourceDate "2012.08.24"]
[SourceVersion "1"]
[SourceVersionDate "2012.08.24"]
[SourceQuality "1"]

1. e4 e5 2. Nf3 Nc6 3. Bc4 Nf6 4. d3 Bc5 5. 0-0 d6 6. c3 Bg4 7. h3 Bxf3 8. Qxf3 Ne7 9. Rd1 Bb6 10. Bb3 Ng6 11. Nd2 a6 12. Nf1 Nh4 13. Qg3 Nh5 14. Qg4 Qf6 15. d4 Nf4 16. g3 g5 17. gxh4 h5 18. Qf5 Qxf5 19. exf5 Nxh3+ 20. Kg2 g4 21. Be3 Nf4+ 22. Bxf4 exf4 23. Re1+ Kf8 24. Re4 c6 25. Rxf4 Re8 26. Ng3 d5 27. f6 Rh6 28. Rf5 Bd8 29. Rxh5 Rxh5 30. Nxh5 Re2 31. Bd1 Ke8 1-0

[Event "Maastricht Limburg op-B 6th"]
[Site "Maastricht"]
[Date "2012.05.27"]
[Round "5"]
[White "Cebula, Jerzy"]
[Black "Schloemer, Armin"]
[Result "0-1"]
[WhiteElo "1993"]
[BlackElo "1881"]
[PlyCount "88"]
[EventDate "2012.05.25"]
[EventType "swiss"]
[EventRounds "7"]
[EventCountry "NED"]
[SourceTitle "EXT 2013"]
[Source "ChessBase"]
[SourceDate "2012.11.22"]
[SourceVersion "1"]
[SourceVersionDate "2012.11.22"]
[SourceQuality "1"]

1. e4 c5 2. Nf3 e6 3. d4 cxd4 4. Nxd4 a6 5. Nc3 Qc7 6. Be3 Nf6 7. Be2 Be7 8. 0-0 0-0 9. Qd2 d6 10. f4 Nbd7 11. Bf3 Rb8 12. a4 b6 13. Rae1 Bb7 14. Kh1 Rbc8 15. f5 e5 16. Nb3 Rfd8 17. Qf2 b5 18. axb5 axb5 19. Rc1 Bc6 20. g4 b4 21. Nd5 Bxd5 22. exd5 e4 23. g5 exf3 24. gxf6 Bxf6 25. Nd4 Ne5 26. b3 Qb7 27. Rfd1 Ng4 28. Qxf3 Nxe3 29. Qxe3 Qxd5+ 30. Kg1 Rc3 31. Qf2 Bg5 32. Ne2 Qe5 33. Kf1 Rh3 34. Ra1 Qxh2 35. Qxh2 Rxh2 36. Ra6 Re8 37. Ng3 Bf4 38. Ne4 Rh1+ 39. Ke2 Rxd1 40. Kxd1 h5 41. Nf2 Bg3 42. Nh3 Re1+ 43. Kd2 Rh1 44. Ng5 Bf4+ 0-1